|
|
|
|
| LEADER |
00000nam a2200000 4500 |
| 001 |
vtls012272380 |
| 003 |
SK-MaSNL |
| 005 |
20260301232116.0 |
| 008 |
251103s2024 xo o g 000 0 eng |
| 020 |
|
|
|q (brožované)
|
| 040 |
|
|
|a SNK
|b slo
|c SNK
|e rda
|
| 041 |
1 |
|
|a eng
|h [slo]
|
| 044 |
|
|
|a xo
|c SK
|
| 072 |
|
7 |
|2 konspekt
|
| 080 |
|
|
|2 2011
|
| 245 |
0 |
0 |
|a Visual Art in Martine
|c editing and translation: Vladimíra Bukerová ; graphic design: Roman Krause
|
| 264 |
|
1 |
|a Martin
|b Mesto Martin
|c 2024
|
| 300 |
|
|
|a 27 strán
|b farebné fotografie
|c 21 cm
|
| 336 |
|
|
|a text
|b txt
|2 rdacontent
|
| 336 |
|
|
|a statický obraz
|b sti
|2 rdacontent
|
| 337 |
|
|
|a bez média
|b n
|2 rdamedia
|
| 338 |
|
|
|a zväzok
|b nc
|2 rdacarrier
|
| 500 |
|
|
|a Preložené pravdepodobne zo slovenčiny
|
| 700 |
1 |
|
|a Bukerová, Vladimíra
|4 edt
|4 trl
|9 213238
|
| 700 |
1 |
|
|a Krause, Roman
|4 bkd
|9 374009
|
| 852 |
|
|
|a Slovenská národná knižnica
|
| 999 |
|
|
|c 960449
|d 962379
|
| 952 |
|
|
|a SNK
|b SNK
|y NEVYP
|7 1
|p 17A1562324
|o snkOSC 30575
|i snk2025/3706
|8 0
|0 0
|1 0
|4 0
|d 2025-03-03
|l 0
|r 2026-02-24 10:17:17
|w 2026-02-24
|
| 952 |
|
|
|a SNK
|b SNK
|y PREZ
|7 0
|p 17A1562323
|o snkOSC 30575 D1
|i snk2025/3707
|8 0
|0 0
|1 0
|4 0
|d 2025-03-03
|l 0
|r 2026-02-24 10:17:17
|w 2026-02-24
|